000 00322 a2200157 4500
001 61834
020 _a9788535713565
040 _cAnchieta - Pituba
100 _aFerreira, Marina
240 1 0 _aRedação
_lpor
245 1 0 _aRedação
300 _a432
362 0 _a2010
650 4 _aLíngua Portuguesa
942 _cBK
999 _c61834
_d61834